Изучение радиопоглощающих свойств арсенида галлия; Физическое образование в вузах; Т. 24, № S1
| Parent link: | Физическое образование в вузах.— , 1995- Т. 24, № S1.— 2018.— [С. 205-206] |
|---|---|
| প্রধান লেখক: | |
| সংস্থা লেখক: | |
| অন্যান্য লেখক: | , |
| সংক্ষিপ্ত: | Заглавие с экрана Результаты исследований радиопоглощающих свойств арсенида галлия представлены в данной работе. Установлено, что арсенид галлия может применяться в качестве радиопоглощающей добавки при воздействии частот в диапазоне 120-260 ГГц. The results of studies of the radioabsorbing properties of gallium arsenide are presented. It is found that the gallium arsenide can be used as radarabsorbent agent in the frequency range 120-260 GHz. Режим доступа: по договору с организацией-держателем ресурса |
| ভাষা: | রুশ |
| প্রকাশিত: |
2018
|
| বিষয়গুলি: | |
| অনলাইন ব্যবহার করুন: | https://elibrary.ru/item.asp?id=32844688 |
| বিন্যাস: | MixedMaterials বৈদ্যুতিক গ্রন্থের অধ্যায় |
| KOHA link: | https://koha.lib.tpu.ru/cgi-bin/koha/opac-detail.pl?biblionumber=659614 |
MARC
| LEADER | 00000naa0a2200000 4500 | ||
|---|---|---|---|
| 001 | 659614 | ||
| 005 | 20250321173430.0 | ||
| 035 | |a (RuTPU)RU\TPU\network\28281 | ||
| 090 | |a 659614 | ||
| 100 | |a 20190311d2018 k||y0rusy50 ca | ||
| 101 | 0 | |a rus | |
| 102 | |a RU | ||
| 135 | |a drcn ---uucaa | ||
| 181 | 0 | |a i | |
| 182 | 0 | |a b | |
| 200 | 1 | |a Изучение радиопоглощающих свойств арсенида галлия |d The Study of Radar Absorbent Properties of Gallium Arsenide |f В. И. Семенова, О. В. Казьмина, К. В. Дорожкин | |
| 203 | |a Текст |c электронный | ||
| 300 | |a Заглавие с экрана | ||
| 330 | |a Результаты исследований радиопоглощающих свойств арсенида галлия представлены в данной работе. Установлено, что арсенид галлия может применяться в качестве радиопоглощающей добавки при воздействии частот в диапазоне 120-260 ГГц. | ||
| 330 | |a The results of studies of the radioabsorbing properties of gallium arsenide are presented. It is found that the gallium arsenide can be used as radarabsorbent agent in the frequency range 120-260 GHz. | ||
| 333 | |a Режим доступа: по договору с организацией-держателем ресурса | ||
| 461 | |t Физическое образование в вузах |d 1995- | ||
| 463 | |t Т. 24, № S1 |v [С. 205-206] |d 2018 | ||
| 510 | 1 | |a The Study of Radar Absorbent Properties of Gallium Arsenide |z eng | |
| 610 | 1 | |a электронный ресурс | |
| 610 | 1 | |a труды учёных ТПУ | |
| 610 | 1 | |a арсенид галлия | |
| 610 | 1 | |a радиопоглощающие свойства | |
| 700 | 1 | |a Семенова |b В. И. |c специалист в области экологии и безопасности жизнедеятельности |c инженер Томского политехнического университета |f 1993- |g Валерия Игоревна |3 (RuTPU)RU\TPU\pers\44758 | |
| 701 | 1 | |a Казьмина |b О. В. |c химик-технолог |c профессор Томского политехнического университета, доктор технических наук |f 1967- |g Ольга Викторовна |3 (RuTPU)RU\TPU\pers\26196 |9 12004 | |
| 701 | 1 | |a Дорожкин |b К. В. |g Кирилл Валерьевич | |
| 712 | 0 | 2 | |a Национальный исследовательский Томский политехнический университет |b Инженерная школа новых производственных технологий |b Научно-образовательный центр Н. М. Кижнера |3 (RuTPU)RU\TPU\col\23556 |
| 801 | 2 | |a RU |b 63413507 |c 20191030 |g RCR | |
| 856 | 4 | |u https://elibrary.ru/item.asp?id=32844688 | |
| 942 | |c CF | ||